Dynamic modeling, guidance, and control of homing missile / (رقم التسجيلة. 178457)
[ عرض عادي ]
| 000 -LEADER | |
|---|---|
| fixed length control field | 04031namaa22004331i 4500 |
| 003 - CONTROL NUMBER IDENTIFIER | |
| control field | EG-GICUC |
| 005 - أخر تعامل مع التسجيلة | |
| control field | 20260225101729.0 |
| 008 - FIXED-LENGTH DATA ELEMENTS--GENERAL INFORMATION | |
| fixed length control field | 260214s2025 ua a|||frm||| 000 0 eng d |
| 040 ## - CATALOGING SOURCE | |
| Original cataloguing agency | EG-GICUC |
| Language of cataloging | eng |
| Transcribing agency | EG-GICUC |
| Modifying agency | EG-GICUC |
| Description conventions | rda |
| 041 0# - LANGUAGE CODE | |
| Language code of text/sound track or separate title | eng |
| Language code of summary or abstract | eng |
| -- | ara |
| 049 ## - Acquisition Source | |
| Acquisition Source | Deposit |
| 082 04 - DEWEY DECIMAL CLASSIFICATION NUMBER | |
| Classification number | 629 |
| 092 ## - LOCALLY ASSIGNED DEWEY CALL NUMBER (OCLC) | |
| Classification number | 629 |
| Edition number | 21 |
| 097 ## - Degree | |
| Degree | M.Sc |
| 099 ## - LOCAL FREE-TEXT CALL NUMBER (OCLC) | |
| Local Call Number | Cai01.13.01.M.Sc.2025.Ha.D |
| 100 0# - MAIN ENTRY--PERSONAL NAME | |
| Authority record control number or standard number | Hassan Ramadan Hassan Ali Elzahar, |
| Preparation | preparation. |
| 245 10 - TITLE STATEMENT | |
| Title | Dynamic modeling, guidance, and control of homing missile / |
| Statement of responsibility, etc. | by Hassan Ramadan Hassan Ali Elzahar ; Supervisors: Prof. Dr. Gamal Mahmoud Sayed El-Bayoumi, Prof. Osama Saeed Mohammadi Abdel Razek. |
| 246 15 - VARYING FORM OF TITLE | |
| Title proper/short title | النمذجة الديناميكية و التوجية و التحكم للصواريخ ذاتية التوجية |
| 264 #0 - PRODUCTION, PUBLICATION, DISTRIBUTION, MANUFACTURE, AND COPYRIGHT NOTICE | |
| Date of production, publication, distribution, manufacture, or copyright notice | 2025. |
| 300 ## - PHYSICAL DESCRIPTION | |
| Extent | 130 pages : |
| Other physical details | illustrations ; |
| Dimensions | 30 cm. + |
| Accompanying material | CD. |
| 336 ## - CONTENT TYPE | |
| Content type term | text |
| Source | rda content |
| 337 ## - MEDIA TYPE | |
| Media type term | Unmediated |
| Source | rdamedia |
| 338 ## - CARRIER TYPE | |
| Carrier type term | volume |
| Source | rdacarrier |
| 502 ## - DISSERTATION NOTE | |
| Dissertation note | Thesis (M.Sc)-Cairo University, 2025. |
| 504 ## - BIBLIOGRAPHY, ETC. NOTE | |
| Bibliography, etc. note | Bibliography: pages 118 -121. |
| 520 #3 - SUMMARY, ETC. | |
| Summary, etc. | Homing missiles have transformed modern warfare by enabling precise and <br/>autonomous targeting capabilities. However, the effectiveness of a homing missile system <br/>relies heavily on its guidance law, autopilot control mechanisms, and tracking or seeker <br/>technology. This thesis address that facts by modeling a complete homing missile system <br/>with six degrees of freedom (6-DOF), utilizing tail control mechanism and an electro-<br/>optical (EO) tracking device to target an aircraft from the ground. A 2D camera-based <br/>image guidance system tracks the target and estimates its motion orientation using <br/>developed algorithms that interacting with mathematical models of the target and EO <br/>camera to captures the target’s 3D movement from its image plane coordinates. The study <br/>simulations conducted in MATLAB® and Simulink® to demonstrate successful missile-<br/>target engagements with both Pure Pursuit Guidance (PPG) and Proportional Navigation <br/>Guidance (PNG) laws to compare the performance of for each law in multiple engagement <br/>scenarios. |
| 520 #3 - SUMMARY, ETC. | |
| Summary, etc. | تعتمد فعالية أنظمة الصواريخ الموجهة بشكل كبير على قانون التوجيه، وآليات التحكم في الطيار الآلي، وتقنية التتبع أو الباحث. تتناول هذه الرسالة هذه الحقائق من خلال نمذجة نظام صاروخ موجه كامل بست درجات حرية، باستخدام وحدة تحكم ذيلية مع جهاز تتبع EO لاستهداف طائرة. يتتبع الهدف نظام توجيه صوري ثنائي الأبعاد قائم على كاميرا، ويقدر اتجاه حركته باستخدام خوارزميات مطورة لالتقاط حركة الهدف ثلاثية الأبعاد من إحداثيات مستوى صورته. أجريت عمليات المحاكاة في الدراسة باستخدام MATLAB® وSimulink®. ثم قورنت نتائج قوانين PPG وPNG من منظور الأداء. |
| 530 ## - ADDITIONAL PHYSICAL FORM AVAILABLE NOTE | |
| Issues CD | Issues also as CD. |
| 546 ## - LANGUAGE NOTE | |
| Text Language | Text in English and abstract in Arabic & English. |
| 650 #0 - SUBJECT ADDED ENTRY--TOPICAL TERM | |
| Topical term or geographic name entry element | Aerospace Engineering |
| 650 #0 - SUBJECT ADDED ENTRY--TOPICAL TERM | |
| Topical term or geographic name entry element | الطيران و الفضاء |
| 653 #1 - INDEX TERM--UNCONTROLLED | |
| Uncontrolled term | Homing Missiles |
| -- | Guidance |
| -- | Missile Dynamics |
| -- | Proportional Navigation |
| -- | Angle Autopilot |
| -- | Tracking |
| -- | Image Based Guidance |
| -- | Line-Of-Sight |
| -- | Target Motion Estimation |
| -- | الصواريخ ذاتية التوجيه |
| -- | ديناميكيات الصواريخ |
| 700 0# - ADDED ENTRY--PERSONAL NAME | |
| Personal name | Gamal Mahmoud Sayed El-Bayoumi |
| Relator term | thesis advisor. |
| 700 0# - ADDED ENTRY--PERSONAL NAME | |
| Personal name | Osama Saeed Mohammadi Abdel Razek |
| Relator term | thesis advisor. |
| 900 ## - Thesis Information | |
| Grant date | 01-01-2025 |
| Supervisory body | Gamal Mahmoud Sayed El-Bayoumi |
| -- | Osama Saeed Mohammadi Abdel Razek |
| Discussion body | Ahmed Ali Abu Al Saud |
| -- | Gamal Ahmed El-Sheikh |
| Universities | Cairo University |
| Faculties | Faculty of Engineering |
| Department | Department of Aerospace Engineering |
| 905 ## - Cataloger and Reviser Names | |
| Cataloger Name | Shimaa |
| Reviser Names | Eman Ghareb |
| 942 ## - ADDED ENTRY ELEMENTS (KOHA) | |
| Source of classification or shelving scheme | Dewey Decimal Classification |
| Koha item type | Thesis |
| Edition | 21 |
| Suppress in OPAC | No |
| Source of classification or shelving scheme | Home library | Current library | Date acquired | Inventory number | Full call number | Barcode | Date last seen | Effective from | Koha item type |
|---|---|---|---|---|---|---|---|---|---|
| Dewey Decimal Classification | المكتبة المركزبة الجديدة - جامعة القاهرة | قاعة الرسائل الجامعية - الدور الاول | 14.02.2026 | 93374 | Cai01.13.01.M.Sc.2025.Ha.D | 01010110093374000 | 14.02.2026 | 14.02.2026 | Thesis |